Sports Quiz

Random Sports or Baseball Quiz

MLB Three 15+ Win Teammates (2000s) Quiz Stats

 Plays Quiz Updated May 6, 2018

Challenge
Share
Tweet
Embed
Score 0/60 Timer 07:00
0 Plays Today
% Correct
Chris Carpenter
90.4%
Chris Carpenter
90.4%
Chris Carpenter
90.4%
CC Sabathia
87.2%
CC Sabathia
87.2%
Barry Zito
79.1%
Barry Zito
79.1%
Roger Clemens
77.4%
Josh Beckett
76.5%
Greg Maddux
74.3%
Cliff Lee
74.3%
Tom Glavine
74.2%
Tim Hudson
73%
Tim Hudson
73%
Tim Hudson
73%
Adam Wainwright
70.6%
Mark Mulder
69.7%
Mark Mulder
69.7%
Mark Mulder
69.7%
Randy Johnson
67.5%
Andy Pettitte
67.2%
Ubaldo Jimenez
66%
Mike Mussina
64.2%
Mike Mussina
64.2%
Mark Buehrle
57.9%
Tim Wakefield
52.5%
Freddy Garcia
48.4%
Jamie Moyer
46.9%
Jamie Moyer
46.9%
Fausto Carmona
43.3%
% Correct
Daisuke Matsuzaka
36.9%
David Wells
33.8%
Chien-Ming Wang
32.5%
Matt Morris
29.5%
Jake Westbrook
28.7%
Bartolo Colon
28.4%
Brad Radke
28.3%
Kevin Millwood
24%
Jon Garland
24%
Jorge De La Rosa
22.4%
Darryl Kile
21.9%
Jose Contreras
21.4%
Jason Marquis
15.8%
Jason Marquis
15.8%
Jeff Suppan
14.9%
Jeff Suppan
14.9%
Joel Pineiro
11.1%
Joel Pineiro
11.1%
Paul Byrd
10.7%
Eric Milton
7.9%
Aaron Sele
7.4%
Chuck Finley
7.2%
Joe Mays
6.2%
Gil Meche
5.8%
Kevin Appier
3.5%
Paul Abbott
3.2%
Dave Burba
2.9%
Pat Hentgen
2.5%
Garrett Stephenson
2.1%
Gil Heredia
2%

You're not logged in!

Compare scores with friends on all Sporcle quizzes.
OR
Log In

You Might Also Like...

Show Comments

Extras

Top Quizzes Today


Score Distribution

Your Account Isn't Verified!

In order to create a playlist on Sporcle, you need to verify the email address you used during registration. Go to your Sporcle Settings to finish the process.

Report this User

Report this user for behavior that violates our Community Guidelines.

Details: